Miejscowości Mistrzostw świata w lotach narciarskich - Statystyki

Ogólne statystyki
  • Ten quiz został rozwiązany 62 razy
    24 od ostatniego zresetowania
  • Średni wynik to 24 z 29
Statystyki odpowiedzi
Rok Miejscowość % Poprawnych
1972 Planica
100%
1979 Planica
100%
1985 Planica
100%
1994 Planica
100%
2004 Planica
100%
2010 Planica
100%
2020 Planica
100%
1977 Vikersund
89%
1990 Vikersund
89%
2000 Vikersund
89%
2012 Vikersund
89%
2022 Vikersund
89%
1983 Harrachov
83%
1992 Harrachov
83%
2002 Harrachov
83%
2014 Harrachov
83%
1973 Oberstdorf
78%
1981 Oberstdorf
78%
1988 Oberstdorf
78%
1998 Oberstdorf
78%
2008 Oberstdorf
78%
2018 Oberstdorf
78%
2026 Oberstdorf
78%
1975 Tauplitz
61%
1986 Tauplitz
61%
1996 Tauplitz
61%
2006 Tauplitz
61%
2016 Tauplitz
61%
2024 Tauplitz
61%
Nie znaleziono quizów pasujących do podanych kryteriów
Rozkład punktacji
Procent ludzi z każdym wynikiem
Percentyl według liczby udzielonych odpowiedzi
Twoja historia wyników
Nie rozwiązałeś tego quizu od ostatniego zresetowania